Orígenes y desarrollo de la Ilustración vasca en Madrid (1713-1793) (Record no. 180107)
[ view plain ]
| 000 -LEADER | |
|---|---|
| campo de control de longitud fija | 01428nam a2200301 i 4500 |
| 001 - NÚMERO DE CONTROL | |
| campo de control | 180107 |
| 003 - IDENTIFICADOR DE NÚMERO DE CONTROL | |
| campo de control | ES-MaACL |
| 005 - FECHA Y HORA DE LA ÚLTIMA TRANSACCIÓN | |
| campo de control | 20250902085406.0 |
| 008 - DATOS DE LONGITUD FIJA--INFORMACIÓN GENERAL | |
| campo de control de longitud fija | 120417s2011 sp ae |||| |dspa d |
| 020 ## - NÚMERO INTERNACIONAL ESTÁNDAR DEL LIBRO | |
| Número Internacional Estándar del Libro | 978-84-89318-30-4 |
| 080 ## - NÚMERO DE LA CLASIFICACIÓN DECIMAL UNIVERSAL | |
| Número de la Clasificación Decimal Universal | 267(460.27 M.)(091) |
| 080 ## - NÚMERO DE LA CLASIFICACIÓN DECIMAL UNIVERSAL | |
| Número de la Clasificación Decimal Universal | 061.235(460.15)"17" |
| 080 ## - NÚMERO DE LA CLASIFICACIÓN DECIMAL UNIVERSAL | |
| Número de la Clasificación Decimal Universal | 325.456(871 C.)(091) |
| 100 1# - ENTRADA PRINCIPAL--NOMBRE DE PERSONA | |
| Nombre de persona | Blanco Mozo, Juan Luis. |
| 9 (RLIN) | 149810 |
| 245 10 - MENCIÓN DEL TÍTULO | |
| Título | Orígenes y desarrollo de la Ilustración vasca en Madrid (1713-1793) |
| Resto del título | : de la Congregación de San Ignacio a la Sociedad Bascongada de los Amigos del País / |
| Mención de responsabilidad, etc. | Juan Luis Blanco Mozo. |
| 260 ## - PUBLICACIÓN, DISTRIBUCIÓN, ETC. | |
| Lugar de publicación, distribución, etc. | Madrid : |
| Nombre del editor, distribuidor, etc. | Real Sociedad Bascongada de los Amigos del País, |
| Fecha de publicación, distribución, etc. | 2011. |
| 300 ## - DESCRIPCIÓN FÍSICA | |
| Extensión | 467 p. : |
| Otras características físicas | il., planos ; |
| Dimensiones | 24 cm. |
| 500 ## - NOTA GENERAL | |
| Nota general | Índices. |
| 504 ## - NOTA DE BIBLIOGRAFÍA, ETC. | |
| Nota de bibliografía, etc. | Bibliografía: p. 415-440. |
| 505 8# - NOTA DE CONTENIDO CON FORMATO | |
| Nota de contenido con formato | Contiene: ; |
| Título | La Real Congregación de San Ignacio de Loyola - ; |
| -- | La Real Sociedad Bascongada de los Amigos del País en Madrid - ; |
| -- | La dirección en Madrid de la Real Compañía Guipuzcoana de Caracas |
| 610 27 - PUNTO DE ACCESO ADICIONAL DE MATERIA--NOMBRE DE ENTIDAD CORPORATIVA | |
| Nombre de entidad corporativa o nombre de jurisdicción como elemento de entrada | Congregación de San Ignacio de Loyola (Madrid) |
| 9 (RLIN) | 149811 |
| 610 24 - PUNTO DE ACCESO ADICIONAL DE MATERIA--NOMBRE DE ENTIDAD CORPORATIVA | |
| Nombre de entidad corporativa o nombre de jurisdicción como elemento de entrada | Real Sociedad Bascongada de los Amigos del País- |
| Subdivisión de forma | Historia |
| 9 (RLIN) | 6367 |
| 610 27 - PUNTO DE ACCESO ADICIONAL DE MATERIA--NOMBRE DE ENTIDAD CORPORATIVA | |
| Nombre de entidad corporativa o nombre de jurisdicción como elemento de entrada | Real Compañía Guipuzcoana de Caracas. |
| 9 (RLIN) | 149812 |
| 710 2# - ENTRADA AGREGADA--NOMBRE DE ENTIDAD CORPORATIVA | |
| Nombre de entidad corporativa o nombre de jurisdicción como elemento de entrada | Real Sociedad Bascongada de los Amigos del País |
| 9 (RLIN) | 6366 |
| 852 ## - LOCALIZACIÓN | |
| Ubicación | ES-MaACL |
| Número de control de estantería | A-12054 |
| itemnumber | 187017 |
| Sublocalización o colección | R.148564 |
| Ubicación en estantería | Depósito 1 |
| Signatura antigua | Olim: N-5059 |
| 942 ## - ELEMENTOS DE ENTRADA SECUNDARIOS (KOHA) | |
| Fuente del sistema de clasificación o colocación | Clasificación decimal universal |
| Tipo de ítem Koha | Libro impreso |
| Estatus retirado | Estado de pérdida | Fuente del sistema de clasificación o colocación | Estado de daño | No para préstamo | Biblioteca de origen | Biblioteca actual | Ubicación en estantería | Fecha de adquisición | Fuente de adquisición | Total de préstamos | Signatura topográfica completa | Código de barras | Visto por última vez | Precio de reemplazo | Tipo de ítem Koha |
|---|---|---|---|---|---|---|---|---|---|---|---|---|---|---|---|
| Clasificación decimal universal | Biblioteca del Ateneo de Madrid | Biblioteca del Ateneo de Madrid | Sala Pecera Planta 1 | 17/04/2012 | Donación | A-12054 | 1189242 | 23/02/2023 | 23/02/2023 | Libro impreso |
